Szczegóły MARC21

ERP productivity function : ERP systems productivity function /

005 -DATA I CZAS OSTATNIEJ MODYFIKACJI [,]
    • @
    • pole kontrolne
    • 20131210132640.0
020 -Międzynarod. znormalizowany nr książki - ISBN [ , ]
    • a
    • Numer ISBN
    • 9783838310206 Find
040 -Instytucja sporządzająca opis [ , ]
    • a
    • Instytucja, która sporządziła opis (NP)
    • SZCZ U/SA
    • c
    • Instytucja, która sporządziła rekord (NP)
    • SZCZ U/SA
    • d
    • Instytucja, która zmodyfikowała rekord (P)
    • SZCZ U/ML
041 -Język dokumentu [0, ]
    • a
    • Język tekstu (P)
    • angielski
044 -Kraj miejsca wydania [ , ]
    • a
    • Kraj miejsca wydania
    • Niemcy
942 -Rodzaj dokumentu [ , ]
    • c
    • Rodzaj dokumentu
    • Książka
100 -Hasło główne - nazwa osobowa [1, ]
    • 9
    • KHW
    • 65941
    • a
    • Nazwa osobowa (NP)
    • Al-Yousef, Husain.
245 -Strefa tytułu i oznaczenia odpowiedzialności [1,0]
    • a
    • Tytuł
    • ERP productivity function : Find
    • b
    • Ciąg dalszy tytułu (NP)
    • ERP systems productivity function / Find
    • c
    • Pozostałe elementy strefy tytułu i oznaczenia odpowiedzialności (NP)
    • Husain Al-Yousef.
246 -Wariant tytułu [3, ]
    • a
    • Tytuł (NP)
    • Enterprise Resource Planning productivity function
260 -Strefa adresu wydawniczego [ , ]
    • a
    • Miejsce wydania (P)
    • Saarbrücken :
    • b
    • Nazwa wydawcy (P)
    • LAP Lambert Academic Publishing,
    • c
    • Data wydania (P)
    • cop. 2009.
300 -Strefa opisu fizycznego [ , ]
    • a
    • Określenie formy książki i/lub objętość (NP)
    • III, 113 s. ;
    • c
    • Format (NP)
    • 22 cm.
504 -Uwaga dot. bibliogr. załącznikowej [ , ]
    • a
    • Uwaga dot. bibliografii załącznikowej
    • Bibliogr. s. 107-113.
080 -Uniwersalna Klasyfikacja Dziesiętna [ , ]
    • 2
    • Identyfikator wydania tablic
    • BN KHW UKD
    • 9
    • UKD
    • 64267
    • a
    • Symbol klasyfikacji
    • 005:004.03
    • b
    • Dopowiedzenie
    • Systemy informatyczne zarządzania.
    • 4
    • UKD2
    • 7644
    • x
    • Poddział wspólny
    • =111
    • c
    • Dopowiedzenie poddz. wspólnego
    • =Język angielski.
980 -Symbol UKD [ , ]
    • a
    • UKD
    • 005:004.03=111
710 -Hasło dodatkowe - nazwa ciała zbiorowego [2, ]
    • 4
    • Kod relacji
    • pbl
    • 9
    • KHW
    • 64210
    • a
    • Nazwa ciała zbiorowego lub nazwa geograficzna jako pierwszy element (NP)
    • Lambert Academic Publishing.
920 -ISBN [ , ]
    • a
    • ISBN
    • 978-3-8383-1020-6 Find
Status udost. Numer inwentarzowy Data inwentaryzacji Lokalizacja
-2TM.95802013-11-28T
-2T.137562013-11-28T